Towards a new education system : the victory of the New Right?

Saved in:
Bibliographic Details
Main Author: Chitty, Clyde
Format: Book
Language:English
Published: London ; New York : Falmer Press, 1989
Subjects:
Tags: Add Tag
No Tags, Be the first to tag this record!

MARC

LEADER 00000nam a2200000 i 4500
001 1/83822
008 980930s1989 eng d
020 |a 1-85000-449-8 
035 |l 10034291 
035 |a 1990  |b 3  |c Μακρυνιώτη 
040 |a GR-MY-UA  |b gre  |e aacr 
041 0 |a eng 
082 0 |a 379.41  |2 (20) 
100 1 |a Chitty, Clyde. 
245 1 0 |a Towards a new education system :  |b the victory of the New Right? /  |c by Clyde Chitty 
260 |a London ; New York :   |b Falmer Press,   |c 1989 
300 |a viii, 249 p.;  |c 25 cm 
504 |a Περιέχει βιβλιογραφικές παραπομπές (σ. 231-243) 
650 0 0 |a Education and state  |z Great Britain. 
650 0 0 |a Politics and education  |z Great Britain. 
650 0 0 |a Education  |z Great Britain  |x Curricula. 
852 |a INST  |b RHODES  |e 19980930  |h 379.41 CHI  |p 005400007895  |q 005400007895  |t BK  |y 0 
909 |a Ρ  |b 018770  |c 1990